Historia de la civilización en la edad media /
Guardado en:
| Autor Principal: | |
|---|---|
| Formato: | Libro |
| Publicado: |
Francia :
Bouret,
1905
|
| Edición: | 4a. ed. |
| Materias: | |
| Etiquetas: |
Agregar Etiqueta
Sin Etiquetas, Sea el primero en etiquetar este registro!
|
| LEADER | 00533nam a22001935a 4500 | ||
|---|---|---|---|
| 001 | CEM.cems005929 | ||
| 005 | 20060214000000.0 | ||
| 008 | 130507s1905##################000#0#####d | ||
| 003 | CEMS | ||
| 082 | 0 | 4 | |a 930 |
| 100 | 1 | |a Seignobos, Ch. | |
| 245 | 1 | 0 | |a Historia de la civilización en la edad media / |
| 250 | |a 4a. ed. | ||
| 260 | |a Francia : |b Bouret, |c 1905 | ||
| 300 | |a 434 p. | ||
| 653 | |a Historia | ||
| 653 | |a Historia 1er. año | ||
| 653 | |a Historia antigua y medieval | ||
| 859 | |a CEMS |b BIB. CEMS - 11 de abril |h 930 |i Se44a4 |p 9344.81 |t Ej.1 | ||
